La Geometría del comercio internacional

Gorde:
Xehetasun bibliografikoak
Egile nagusia: Meade, James Edward (autor)
Formatua: Liburua
Hizkuntza:gaztelania
Argitaratua: Madrid Aguilar 1957
Saila:Biblioteca de Ciencias Sociales. Sección Primera: Economía
Gaiak:
Etiketak: Etiketa erantsi
Etiketarik gabe, Izan zaitez lehena erregistro honi etiketa jartzen!

MARC

LEADER 00000nam a2200000 a 4500
001 UCS2849
003 CL-VaPUC
008 970606e19570000SP |||||||||||||||||spa|d
082 0 4 |a 382  |b MEA  |2 21 
100 |a Meade, James Edward  |e autor  |9 535174 
245 1 3 |a La Geometría del comercio internacional 
300 |a 170 p 
942 |c BK 
945 |d 19970606 00:00:00  |a lriquelm 
260 |a Madrid  |b Aguilar  |c 1957 
650 7 |a COMERCIO INTERNACIONAL  |2 CL-VaPUC  |9 388728 
650 0 |a Equilibrio económico   |9 322667 
650 0 |a Balanza comercial   |9 379503 
650 7 |a SISTEMAS ECONOMICOS INTERNACIONALES  |2 CL-VaPUC  |9 338633 
583 |a last modification  |c 19970606 00:00:00  |k Rodrigo Vera 
490 0 |a Biblioteca de Ciencias Sociales. Sección Primera: Economía 
999 |c 260778  |d 260776 
952 |0 0  |1 0  |4 0  |6 382_000000000000000_MEA_1957  |7 0  |8 P  |9 287117  |a BIBDER  |b BIBDER  |d 2019-11-19  |i 1865161  |o 382 MEA 1957  |p 1865161  |r 2023-01-25  |w 2019-11-19  |y BK  |k DER